[Event "DVM U12 2022"]
[Site "München GER"]
[Date "2022.12.29"]
[Round "5"]
[White "Schirmer, Enias"]
[Black "Allen, Phillipp"]
[Result "1/2-1/2"]
[Termination "normal"]
[Board "7.2"]
[WhiteElo "1363"]
[BlackElo "1588"]
[WhiteClock "00:11:42"]
[BlackClock "00:42:40"]
[WhiteTeam "SV 1947 Walldorf"]
[BlackTeam "SV Erkenschwick 1923"]
[PlyCount "114"]
[WhiteFideId "34609806"]
[BlackFideId "16272846"]
[EventCountry "GER"]
[EventRounds "7"]
[EventType "team-swiss"]
[EventDate "2022.12.26"]

1. e4 {[%clk 01:30:57]} {[%emt 00:00:01]} e5 {[%clk 01:30:25]} {[%emt
00:00:36]} 2. Nf3 {[%clk 01:31:09]} {[%emt 00:00:17]} Nf6 {[%clk 01:30:51]}
{[%emt 00:00:05]} 3. Nc3 {[%clk 01:31:25]} {[%emt 00:00:14]} Nc6 {[%clk
01:30:40]} {[%emt 00:00:41]} 4. d3 {[%clk 01:31:09]} {[%emt 00:00:46]} Bb4
{[%clk 01:29:58]} {[%emt 00:01:12]} 5. a3 {[%clk 01:30:48]} {[%emt 00:00:51]}
Ba5 {[%clk 01:30:04]} {[%emt 00:00:24]} 6. b4 {[%clk 01:31:01]} {[%emt
00:00:17]} Bb6 {[%clk 01:27:57]} {[%emt 00:02:38]} 7. Be2 {[%clk 01:30:28]}
{[%emt 00:01:02]} d6 {[%clk 01:27:58]} {[%emt 00:00:28]} 8. O-O {[%clk
01:29:26]} {[%emt 00:01:32]} O-O {[%clk 01:28:14]} {[%emt 00:00:14]} 9. Bg5
{[%clk 01:29:10]} {[%emt 00:00:46]} h6 {[%clk 01:26:57]} {[%emt 00:01:48]} 10.
Bh4 {[%clk 01:29:13]} {[%emt 00:00:25]} Be6 {[%clk 01:26:51]} {[%emt 00:00:37]}
11. Na4 {[%clk 01:26:50]} {[%emt 00:02:54]} Bd4 {[%clk 01:26:31]} {[%emt
00:00:50]} 12. c3 {[%clk 01:26:47]} {[%emt 00:00:33]} Bb6 {[%clk 01:26:53]}
{[%emt 00:00:08]} 13. Nxb6 {[%clk 01:26:41]} {[%emt 00:00:36]} axb6 {[%clk
01:27:18]} {[%emt 00:00:06]} 14. Qd2 {[%clk 01:26:21]} {[%emt 00:00:49]} d5
{[%clk 01:24:22]} {[%emt 00:03:26]} 15. exd5 {[%clk 01:25:07]} {[%emt
00:01:44]} Bxd5 {[%clk 01:24:46]} {[%emt 00:00:06]} 16. b5 {[%clk 01:18:17]}
{[%emt 00:07:20]} e4 {[%clk 01:22:20]} {[%emt 00:02:57]} 17. Bxf6 {[%clk
01:16:07]} {[%emt 00:02:40]} Qxf6 {[%clk 01:11:48]} {[%emt 00:11:01]} 18. dxe4
{[%clk 01:14:51]} {[%emt 00:01:46]} Bxe4 {[%clk 01:10:52]} {[%emt 00:01:26]}
19. bxc6 {[%clk 01:14:44]} {[%emt 00:00:37]} Rad8 {[%clk 01:10:48]} {[%emt
00:00:34]} 20. Qb2 {[%clk 01:12:25]} {[%emt 00:02:44]} bxc6 {[%clk 01:07:09]}
{[%emt 00:04:14]} 21. Rfd1 {[%clk 01:11:24]} {[%emt 00:01:30]} Rde8 {[%clk
01:06:25]} {[%emt 00:01:15]} 22. Rd7 {[%clk 01:10:19]} {[%emt 00:01:32]} Bxf3
{[%clk 01:06:11]} {[%emt 00:00:48]} 23. Bxf3 {[%clk 01:09:41]} {[%emt
00:01:08]} Re5 {[%clk 01:06:25]} {[%emt 00:00:15]} 24. Rxc7 {[%clk 01:00:01]}
{[%emt 00:10:10]} Rfe8 {[%clk 01:05:55]} {[%emt 00:01:01]} 25. Qd2 {[%clk
00:54:50]} {[%emt 00:05:24]} Qd6 {[%clk 01:02:31]} {[%emt 00:04:10]} 26. Qc1
{[%clk 00:40:56]} {[%emt 00:14:23]} Qxc7 {[%clk 01:02:11]} {[%emt 00:00:51]}
27. g3 {[%clk 00:40:00]} {[%emt 00:01:26]} Qe7 {[%clk 00:59:19]} {[%emt
00:03:22]} 28. Kf1 {[%clk 00:36:46]} {[%emt 00:03:45]} Rf5 {[%clk 00:59:15]}
{[%emt 00:00:34]} 29. Bg2 {[%clk 00:35:07]} {[%emt 00:02:03]} Qe2 {[%clk
00:58:58]} {[%emt 00:00:52]} 30. Kg1 {[%clk 00:34:06]} {[%emt 00:01:31]} Qxf2
{[%clk 00:54:23]} {[%emt 00:05:05]} 31. Kh1 {[%clk 00:34:02]} {[%emt 00:00:34]}
Re2 {[%clk 00:54:05]} {[%emt 00:00:48]} 32. Qg1 {[%clk 00:33:28]} {[%emt
00:01:03]} Qxg1 {[%clk 00:54:19]} {[%emt 00:00:17]} 33. Kxg1 {[%clk 00:33:38]}
{[%emt 00:00:20]} c5 {[%clk 00:51:21]} {[%emt 00:03:28]} 34. Rb1 {[%clk
00:31:22]} {[%emt 00:02:46]} Re3 {[%clk 00:49:58]} {[%emt 00:01:53]} 35. Rxb6
{[%clk 00:30:25]} {[%emt 00:01:28]} Rxc3 {[%clk 00:49:27]} {[%emt 00:01:02]}
36. Be4 {[%clk 00:29:53]} {[%emt 00:00:55]} g6 {[%clk 00:45:05]} {[%emt
00:04:59]} 37. Bxf5 {[%clk 00:29:38]} {[%emt 00:00:44]} gxf5 {[%clk 00:45:30]}
{[%emt 00:00:06]} 38. Rc6 {[%clk 00:28:41]} {[%emt 00:01:22]} Rc2 {[%clk
00:44:23]} {[%emt 00:01:40]} 39. Rxh6 {[%clk 00:25:24]} {[%emt 00:03:48]} Kg7
{[%clk 00:44:16]} {[%emt 00:00:36]} 40. Rc6 {[%clk 00:25:03]} {[%emt 00:00:51]}
f6 {[%clk 00:44:38]} {[%emt 00:00:09]} 41. a4 {[%clk 00:24:16]} {[%emt
00:01:16]} Kg6 {[%clk 00:43:22]} {[%emt 00:01:47]} 42. a5 {[%clk 00:23:32]}
{[%emt 00:01:14]} Kg5 {[%clk 00:43:38]} {[%emt 00:00:14]} 43. h3 {[%clk
00:22:44]} {[%emt 00:01:19]} c4 {[%clk 00:43:19]} {[%emt 00:00:48]} 44. a6
{[%clk 00:21:56]} {[%emt 00:01:17]} Ra2 {[%clk 00:42:03]} {[%emt 00:01:46]} 45.
Rxc4 {[%clk 00:20:58]} {[%emt 00:01:28]} Rxa6 {[%clk 00:42:23]} {[%emt
00:00:11]} 46. Kg2 {[%clk 00:20:32]} {[%emt 00:00:55]} Ra2 {[%clk 00:42:22]}
{[%emt 00:00:30]} 47. Kg1 {[%clk 00:20:38]} {[%emt 00:00:23]} Re2 {[%clk
00:42:04]} {[%emt 00:00:49]} 48. Kf1 {[%clk 00:20:15]} {[%emt 00:00:51]} Rh2
{[%clk 00:41:42]} {[%emt 00:00:54]} 49. h4 {[%clk 00:19:22]} {[%emt 00:01:23]}
Kh5 {[%clk 00:42:06]} {[%emt 00:00:06]} 50. Rf4 {[%clk 00:19:21]} {[%emt
00:00:30]} Kg6 {[%clk 00:42:25]} {[%emt 00:00:14]} 51. Kg1 {[%clk 00:19:16]}
{[%emt 00:00:34]} Re2 {[%clk 00:42:46]} {[%emt 00:00:09]} 52. Kf1 {[%clk
00:18:24]} {[%emt 00:01:20]} Re4 {[%clk 00:41:24]} {[%emt 00:01:54]} 53. Rxe4
{[%clk 00:15:52]} {[%emt 00:03:03]} fxe4 {[%clk 00:41:49]} {[%emt 00:00:05]}
54. Kf2 {[%clk 00:16:13]} {[%emt 00:00:10]} f5 {[%clk 00:41:54]} {[%emt
00:00:25]} 55. Ke3 {[%clk 00:15:42]} {[%emt 00:01:01]} Kh6 {[%clk 00:42:17]}
{[%emt 00:00:06]} 56. Kf4 {[%clk 00:11:40]} {[%emt 00:04:32]} Kh5 {[%clk
00:42:40]} {[%emt 00:00:07]} 57. Ke3 {[%clk 00:11:42]} {[%emt 00:00:27]} Kg4
{[%clk 00:42:40]} {[%emt 00:00:31]} 1/2-1/2

[Event "DVM U12 2022"]
[Site "München GER"]
[Date "2022.12.29"]
[Round "5"]
[White "Al Marawi, Yousef"]
[Black "Yan, Haichen"]
[Result "1-0"]
[Termination "normal"]
[Board "7.3"]
[WhiteElo "1545"]
[BlackElo "1217"]
[WhiteClock "00:31:57"]
[BlackClock "00:52:17"]
[WhiteTeam "SV Erkenschwick 1923"]
[BlackTeam "SV 1947 Walldorf"]
[PlyCount "63"]
[WhiteFideId "34607420"]
[BlackFideId "34607951"]
[EventCountry "GER"]
[EventRounds "7"]
[EventType "team-swiss"]
[EventDate "2022.12.26"]

1. e4 {[%clk 01:30:56]} {[%emt 00:00:03]} c5 {[%clk 01:30:55]} {[%emt
00:00:05]} 2. Nf3 {[%clk 01:31:23]} {[%emt 00:00:03]} d6 {[%clk 01:31:20]}
{[%emt 00:00:05]} 3. d4 {[%clk 01:31:47]} {[%emt 00:00:06]} cxd4 {[%clk
01:31:42]} {[%emt 00:00:08]} 4. Nxd4 {[%clk 01:32:10]} {[%emt 00:00:08]} Nf6
{[%clk 01:32:03]} {[%emt 00:00:09]} 5. Nc3 {[%clk 01:32:18]} {[%emt 00:00:22]}
a6 {[%clk 01:32:28]} {[%emt 00:00:05]} 6. Bc4 {[%clk 01:28:39]} {[%emt
00:04:09]} e6 {[%clk 01:32:28]} {[%emt 00:00:30]} 7. O-O {[%clk 01:26:44]}
{[%emt 00:02:24]} b5 {[%clk 01:32:29]} {[%emt 00:00:29]} 8. Bd3 {[%clk
01:23:03]} {[%emt 00:04:10]} Bb7 {[%clk 01:32:49]} {[%emt 00:00:11]} 9. f3
{[%clk 01:20:04]} {[%emt 00:03:30]} Qb6 {[%clk 01:32:59]} {[%emt 00:00:19]} 10.
Be3 {[%clk 01:15:01]} {[%emt 00:05:32]} d5 {[%clk 01:30:58]} {[%emt 00:02:31]}
11. exd5 {[%emt 00:11:02]} Bxd5 {[%clk 01:30:56]} {[%emt 00:00:06]} 12. Bf2
{[%clk 00:59:54]} {[%emt 00:05:31]} Bc5 {[%clk 01:30:35]} {[%emt 00:00:52]} 13.
Nb3 {[%clk 00:58:44]} {[%emt 00:01:39]} Bxf2 {[%clk 01:26:07]} {[%emt
00:05:30]} 14. Rxf2 {[%clk 00:58:40]} {[%emt 00:01:03]} Bxb3 {[%clk 01:25:11]}
{[%emt 00:01:25]} 15. cxb3 {[%clk 00:57:26]} {[%emt 00:01:44]} b4 {[%clk
01:25:21]} {[%emt 00:00:21]} 16. Ne4 {[%clk 00:56:44]} {[%emt 00:01:10]} Nd5
{[%clk 01:25:03]} {[%emt 00:00:49]} 17. Bc4 {[%clk 00:51:15]} {[%emt 00:06:00]}
Ne3 {[%emt 00:05:08]} 18. Qd3 {[%emt 00:00:44]} Nxc4 {[%clk 01:23:13]} {[%emt
00:00:42]} 19. bxc4 {[%clk 00:47:21]} {[%emt 00:01:09]} O-O {[%clk 01:23:21]}
{[%emt 00:00:22]} 20. c5 {[%clk 00:42:40]} {[%emt 00:05:11]} Rd8 {[%clk
01:22:32]} {[%emt 00:01:17]} 21. cxb6 {[%clk 00:38:03]} {[%emt 00:05:09]} Rxd3
{[%emt 00:00:15]} 22. b7 {[%emt 00:01:12]} Ra7 {[%clk 01:20:35]} {[%emt
00:01:00]} 23. Rc2 {[%clk 00:36:59]} {[%emt 00:01:32]} Rd8 {[%clk 01:14:35]}
{[%emt 00:06:32]} 24. Rc8 {[%clk 00:36:35]} {[%emt 00:00:54]} Rf8 {[%clk
01:14:54]} {[%emt 00:00:11]} 25. Nd6 {[%clk 00:35:29]} {[%emt 00:01:35]} a5
{[%clk 01:13:03]} {[%emt 00:02:21]} 26. Rac1 {[%clk 00:32:28]} {[%emt
00:03:31]} b3 {[%clk 00:59:13]} {[%emt 00:14:21]} 27. Rxb8 {[%clk 00:30:49]}
{[%emt 00:02:09]} bxa2 {[%clk 00:51:26]} {[%emt 00:08:17]} 28. Rxf8 {[%clk
00:30:49]} {[%emt 00:00:30]} Kxf8 {[%clk 00:51:46]} {[%emt 00:00:10]} 29. b8=Q
{[%clk 00:31:15]} {[%emt 00:00:04]} Ke7 {[%clk 00:52:02]} {[%emt 00:00:14]} 30.
Qxa7 {[%clk 00:31:17]} {[%emt 00:00:28]} Kxd6 {[%clk 00:52:07]} {[%emt
00:00:25]} 31. Qc7 {[%clk 00:31:35]} {[%emt 00:00:11]} Kd5 {[%clk 00:52:17]}
{[%emt 00:00:22]} 32. Rd1# {[%clk 00:31:57]} {[%emt 00:00:08]} 1-0

[Event "DVM U12 2022"]
[Site "München GER"]
[Date "2022.12.29"]
[Round "5"]
[White "Botschek, Marius"]
[Black "Bohatyrova, Mariia"]
[Result "1-0"]
[Termination "normal"]
[Board "7.4"]
[WhiteElo "1451"]
[BlackElo "1439"]
[WhiteClock "01:15:12"]
[BlackClock "00:27:04"]
[WhiteTeam "SV 1947 Walldorf"]
[BlackTeam "SV Erkenschwick 1923"]
[PlyCount "95"]
[WhiteFideId "34629521"]
[BlackFideId "34165789"]
[EventCountry "GER"]
[EventRounds "7"]
[EventType "team-swiss"]
[EventDate "2022.12.26"]

1. e4 {[%clk 01:30:59]} {[%emt 00:00:01]} e5 {[%clk 01:30:56]} {[%emt
00:00:04]} 2. Nf3 {[%clk 01:31:25]} {[%emt 00:00:04]} Nc6 {[%clk 01:31:21]}
{[%emt 00:00:05]} 3. Bc4 {[%clk 01:31:49]} {[%emt 00:00:06]} Bc5 {[%clk
01:31:38]} {[%emt 00:00:13]} 4. O-O {[%clk 01:32:13]} {[%emt 00:00:06]} Nf6
{[%clk 01:32:05]} {[%emt 00:00:03]} 5. d4 {[%clk 01:32:34]} {[%emt 00:00:09]}
Bxd4 {[%clk 01:32:02]} {[%emt 00:00:32]} 6. Nxd4 {[%clk 01:32:59]} {[%emt
00:00:06]} Nxd4 {[%clk 01:32:14]} {[%emt 00:00:18]} 7. f4 {[%clk 01:33:11]}
{[%emt 00:00:18]} Nc6 {[%clk 01:31:49]} {[%emt 00:00:55]} 8. Bxf7 {[%clk
01:32:55]} {[%emt 00:00:46]} Kxf7 {[%clk 01:31:21]} {[%emt 00:00:59]} 9. fxe5
{[%clk 01:33:19]} {[%emt 00:00:06]} Nxe5 {[%clk 01:27:32]} {[%emt 00:04:17]}
10. Qd5 {[%clk 01:33:30]} {[%emt 00:00:20]} Kf8 {[%clk 01:23:56]} {[%emt
00:04:06]} 11. Qxe5 {[%clk 01:33:51]} {[%emt 00:00:09]} d6 {[%clk 01:22:23]}
{[%emt 00:02:02]} 12. Qg3 {[%clk 01:30:59]} {[%emt 00:03:23]} h6 {[%clk
01:07:38]} {[%emt 00:15:15]} 13. Nc3 {[%clk 01:29:23]} {[%emt 00:02:05]} Be6
{[%clk 00:56:40]} {[%emt 00:11:27]} 14. Be3 {[%clk 01:24:04]} {[%emt 00:05:51]}
Rg8 {[%clk 00:40:34]} {[%emt 00:16:36]} 15. Rad1 {[%clk 01:22:35]} {[%emt
00:01:59]} Qe7 {[%clk 00:40:13]} {[%emt 00:00:51]} 16. b4 {[%clk 01:17:04]}
{[%emt 00:06:01]} Ke8 {[%clk 00:39:13]} {[%emt 00:01:30]} 17. e5 {[%clk
01:08:00]} {[%emt 00:09:34]} dxe5 {[%clk 00:32:40]} {[%emt 00:07:03]} 18. Bc5
{[%clk 01:07:16]} {[%emt 00:01:15]} Qf7 {[%clk 00:32:43]} {[%emt 00:00:27]} 19.
Qxe5 {[%clk 01:06:41]} {[%emt 00:01:04]} Rd8 {[%clk 00:23:06]} {[%emt
00:10:07]} 20. Rde1 {[%clk 00:59:44]} {[%emt 00:07:28]} Kd7 {[%clk 00:21:54]}
{[%emt 00:01:42]} 21. Nb5 {[%clk 00:58:41]} {[%emt 00:01:33]} Rc8 {[%clk
00:18:26]} {[%emt 00:03:57]} 22. Rd1 {[%clk 00:58:11]} {[%emt 00:01:01]} Ke8
{[%clk 00:18:22]} {[%emt 00:00:34]} 23. Rfe1 {[%clk 00:56:20]} {[%emt
00:02:22]} b6 {[%clk 00:09:14]} {[%emt 00:09:38]} 24. Qxe6 {[%clk 00:55:58]}
{[%emt 00:00:52]} Qxe6 {[%clk 00:09:36]} {[%emt 00:00:08]} 25. Rxe6 {[%clk
00:56:21]} {[%emt 00:00:06]} Kf7 {[%clk 00:09:56]} {[%emt 00:00:10]} 26. Re7
{[%clk 00:56:27]} {[%emt 00:00:24]} Kg6 {[%clk 00:09:55]} {[%emt 00:00:31]} 27.
Be3 {[%clk 00:56:07]} {[%emt 00:00:50]} a6 {[%clk 00:09:06]} {[%emt 00:01:19]}
28. Nxc7 {[%clk 00:54:45]} {[%emt 00:01:52]} Rgd8 {[%clk 00:07:19]} {[%emt
00:02:17]} 29. Rxd8 {[%clk 00:52:26]} {[%emt 00:02:50]} Rxd8 {[%clk 00:07:32]}
{[%emt 00:00:17]} 30. Ne6 {[%clk 00:50:03]} {[%emt 00:02:53]} Rg8 {[%clk
00:05:59]} {[%emt 00:02:03]} 31. Bxb6 {[%clk 00:49:45]} {[%emt 00:00:48]} Nd5
{[%clk 00:06:07]} {[%emt 00:00:22]} 32. Rb7 {[%clk 00:49:27]} {[%emt 00:00:47]}
Nxb4 {[%clk 00:05:08]} {[%emt 00:01:29]} 33. c4 {[%clk 00:48:44]} {[%emt
00:01:14]} Nxa2 {[%clk 00:04:36]} {[%emt 00:01:02]} 34. c5 {[%clk 00:48:40]}
{[%emt 00:00:33]} Nb4 {[%clk 00:04:47]} {[%emt 00:00:16]} 35. Nd8 {[%clk
00:47:34]} {[%emt 00:01:39]} Re8 {[%clk 00:04:08]} {[%emt 00:01:08]} 36. c6
{[%clk 00:47:17]} {[%emt 00:00:48]} Nd3 {[%clk 00:04:03]} {[%emt 00:00:35]} 37.
Ba5 {[%clk 00:46:59]} {[%emt 00:00:49]} Re2 {[%clk 00:03:01]} {[%emt 00:01:31]}
38. h3 {[%clk 00:44:28]} {[%emt 00:03:02]} Rc2 {[%clk 00:01:22]} {[%emt
00:02:09]} 39. c7 {[%clk 00:44:18]} {[%emt 00:00:41]} Nf4 {[%clk 00:01:26]}
{[%emt 00:00:26]} 40. Rb6 {[%clk 00:43:36]} {[%emt 00:01:12]} Kh7 {[%clk
00:01:17]} {[%emt 00:00:39]} 41. Rc6 {[%clk 00:43:19]} {[%emt 00:00:46]} Rxg2
{[%clk 00:00:57]} {[%emt 00:00:50]} 42. Kf1 {[%clk 00:43:35]} {[%emt 00:00:15]}
Ra2 {[%clk 00:30:01]} {[%emt 00:01:56]} 43. Bc3 {[%clk 01:13:49]} {[%emt
00:01:17]} Nd3 {[%clk 00:29:01]} {[%emt 00:01:29]} 44. c8=Q {[%clk 01:14:02]}
{[%emt 00:00:18]} Rf2 {[%clk 00:27:52]} {[%emt 00:01:39]} 45. Kg1 {[%clk
01:14:17]} {[%emt 00:00:15]} Re2 {[%clk 00:27:02]} {[%emt 00:01:19]} 46. Qf5
{[%clk 01:14:34]} {[%emt 00:00:13]} Kh8 {[%clk 00:26:57]} {[%emt 00:00:36]} 47.
Rxh6 {[%clk 01:14:48]} {[%emt 00:00:16]} Kg8 {[%clk 00:27:04]} {[%emt
00:00:23]} 48. Qf7# {[%clk 01:15:12]} {[%emt 00:00:06]} 1-0

[Event "DVM U12 2022"]
[Site "München GER"]
[Date "2022.12.29"]
[Round "5"]
[White "Zielke, Constantin"]
[Black "Roos Nazario, Valentin"]
[Result "0-1"]
[Termination "normal"]
[Board "8.1"]
[WhiteElo "1342"]
[BlackElo "1196"]
[WhiteClock "00:56:22"]
[BlackClock "01:30:33"]
[WhiteTeam "SG Turm Leipzig"]
[BlackTeam "TTC Grün-Weiß Fritzdorf 1958"]
[PlyCount "52"]
[WhiteFideId "34640576"]
[BlackFideId "16295722"]
[EventCountry "GER"]
[EventRounds "7"]
[EventType "team-swiss"]
[EventDate "2022.12.26"]

1. e4 {[%clk 01:30:59]} {[%emt 00:36:04]} c5 {[%clk 01:30:44]} {[%emt
00:00:16]} 2. Nf3 {[%clk 01:31:19]} {[%emt 00:00:10]} d6 {[%clk 01:31:06]}
{[%emt 00:00:08]} 3. d4 {[%clk 01:31:44]} {[%emt 00:00:05]} cxd4 {[%clk
01:31:31]} {[%emt 00:00:05]} 4. Nxd4 {[%clk 01:32:10]} {[%emt 00:00:04]} Nf6
{[%clk 01:31:51]} {[%emt 00:00:10]} 5. Nc3 {[%clk 01:32:25]} {[%emt 00:00:16]}
g6 {[%clk 01:31:57]} {[%emt 00:00:24]} 6. Bc4 {[%clk 01:32:37]} {[%emt
00:00:17]} Bg7 {[%clk 01:32:12]} {[%emt 00:00:14]} 7. Be3 {[%clk 01:32:47]}
{[%emt 00:00:21]} O-O {[%clk 01:32:28]} {[%emt 00:00:14]} 8. O-O {[%clk
01:33:03]} {[%emt 00:00:14]} Nc6 {[%clk 01:32:07]} {[%emt 00:00:51]} 9. h3
{[%clk 01:32:56]} {[%emt 00:00:37]} Bd7 {[%clk 01:29:07]} {[%emt 00:03:30]} 10.
f4 {[%clk 01:28:19]} {[%emt 00:05:06]} Rc8 {[%clk 01:28:48]} {[%emt 00:00:50]}
11. Qd2 {[%clk 01:22:07]} {[%emt 00:06:42]} Nxd4 {[%clk 01:28:20]} {[%emt
00:00:58]} 12. Qxd4 {[%clk 01:22:15]} {[%emt 00:00:21]} Ng4 {[%clk 01:28:35]}
{[%emt 00:00:16]} 13. Qd3 {[%clk 01:18:37]} {[%emt 00:04:08]} Nxe3 {[%clk
01:28:59]} {[%emt 00:00:06]} 14. Bxf7 {[%clk 01:17:21]} {[%emt 00:01:45]} Rxf7
{[%clk 01:29:21]} {[%emt 00:00:09]} 15. Qxe3 {[%clk 01:17:43]} {[%emt
00:00:07]} Qb6 {[%clk 01:29:17]} {[%emt 00:00:34]} 16. Qxb6 {[%clk 01:18:03]}
{[%emt 00:00:11]} axb6 {[%clk 01:29:42]} {[%emt 00:00:05]} 17. Nd5 {[%clk
01:14:48]} {[%emt 00:03:44]} Rxc2 {[%clk 01:29:45]} {[%emt 00:00:26]} 18. Nxb6
{[%clk 01:13:21]} {[%emt 00:01:57]} Bd4 {[%clk 01:29:51]} {[%emt 00:00:22]} 19.
Kh1 {[%clk 01:12:36]} {[%emt 00:01:17]} Bxb6 {[%clk 01:30:10]} {[%emt
00:00:11]} 20. b3 {[%clk 01:10:48]} {[%emt 00:02:18]} Bb5 {[%clk 01:29:34]}
{[%emt 00:01:06]} 21. Rfd1 {[%clk 01:02:43]} {[%emt 00:08:34]} Rxf4 {[%clk
01:29:50]} {[%emt 00:00:16]} 22. Rd5 {[%clk 01:01:02]} {[%emt 00:02:08]} Bc6
{[%clk 01:29:55]} {[%emt 00:00:26]} 23. Rg5 {[%clk 01:00:51]} {[%emt 00:00:42]}
Bxe4 {[%clk 01:30:16]} {[%emt 00:00:09]} 24. Re1 {[%clk 01:00:34]} {[%emt
00:00:43]} d5 {[%clk 01:30:21]} {[%emt 00:00:26]} 25. Kh2 {[%clk 00:58:48]}
{[%emt 00:02:19]} Rff2 {[%clk 01:30:40]} {[%emt 00:00:10]} 26. Rg1 {[%clk
00:56:22]} {[%emt 00:02:57]} Rfe2 {[%clk 01:30:33]} {[%emt 00:00:37]} 0-1